Maailman suurimmat 6-kirjaimiset kaupungit - Statistics

Yleistilastot
  • Tätä visaa on pelattu 456 kertaa
  • Keskiarvotulos 15 / 24
Vastaustilastot
Väkiluku Valtio Kaupunki % Oikein
15,1 milj. Yhdistynyt kuningaskunta Lontoo
96%
6,70 milj. Espanja Madrid
90%
27,8 milj. Filippiinit Manila
90%
5,20 milj. Turkki Ankara
88%
21,5 milj. Kiina Peking
88%
5,15 milj. Australia Sydney
88%
6,15 milj. Italia Milano
84%
10,1 milj. Taiwan Taipei
82%
25,4 milj. Meksiko México
80%
27,6 milj. Intia Mumbai
79%
7,80 milj. Irak Bagdad
78%
10,6 milj. Kolumbia Bogotá
78%
7,80 milj. Yhdysvallat Dallas
67%
7,70 milj. Yhdysvallat Boston
57%
72,7 milj. Kiina Kanton
56%
9,65 milj. Angola Luanda
54%
14,6 milj. Pakistan Lahore
46%
10,5 milj. Japani Nagoya
44%
5,70 milj. Mali Bamako
43%
5,65 milj. Myanmar Yangon
38%
15,4 milj. Kiina Xiamen
33%
5,50 milj. Kiina Harbin
26%
5,40 milj. Kiina Dalian
19%
7,60 milj. Kiina Ningbo
14%
Ehtoja vastaavia visoja ei löytynyt
Tulosjakauma
Jokaisen tuloksen saaneiden osuus
Persentiili vastausten määrän mukaan
Tuloshistoriasi
Et ole pelannut tätä visaa